000 00602cam a22002053a 4500
001 45633
003 PGUSA
005 20140828084045.0
008 140511s2014||||xxu|||||s|||||000 | eng d
040 _aPGUSA
_beng
042 _adc
100 1 _aFéval, Paul,
_d1817-1887
245 1 0 _aLes belles-de-nuit, Tome V :
_bou les anges de la famille
_h[electronic resource] /
_cPaul Féval
260 _bProject Gutenberg,
_c2014
506 _aPublic domain in the USA.
516 _aElectronic text
830 0 _aProject Gutenberg
_v45633
856 4 0 _uhttp://www.gutenberg.org/ebooks/45633
942 _cEB
999 _c274883
_d274883